The use and abuse of trade unions. (Record no. 2619)

MARC details
000 -LEADER
fixed length control field 00695cam a22002531 4500
001 - CONTROL NUMBER
control field 9860215
003 - CONTROL NUMBER IDENTIFIER
control field OSt
005 - DATE AND TIME OF LATEST TRANSACTION
control field 20230626092347.0
008 - FIXED-LENGTH DATA ELEMENTS--GENERAL INFORMATION
fixed length control field 790125s1963 enk b 000 0 eng
010 ## - LIBRARY OF CONGRESS CONTROL NUMBER
LC control number 64039353
015 ## - NATIONAL BIBLIOGRAPHY NUMBER
National bibliography number GB63-8835
035 ## - SYSTEM CONTROL NUMBER
System control number (OCoLC)4585941
040 ## - CATALOGING SOURCE
Original cataloging agency DLC
Transcribing agency KU
Modifying agency Uk
-- DLC
050 00 - LIBRARY OF CONGRESS CALL NUMBER
Classification number HD6664
Item number .B66
082 ## - DEWEY DECIMAL CLASSIFICATION NUMBER
Classification number 331.8
Item number BOT
100 1# - MAIN ENTRY--PERSONAL NAME
Personal name Bottomley, Arthur,
Titles and words associated with a name Lord,
Dates associated with a name 1907-
245 14 - TITLE STATEMENT
Title The use and abuse of trade unions.
260 ## - PUBLICATION, DISTRIBUTION, ETC. (IMPRINT)
Place of publication, distribution, etc. [London]
Name of publisher, distributor, etc. Ampersand Books
Date of publication, distribution, etc. [1963]
300 ## - PHYSICAL DESCRIPTION
Extent 89 p.
Dimensions 19 cm.
504 ## - BIBLIOGRAPHY, ETC. NOTE
Bibliography, etc Bibliographical footnotes.
650 #0 - SUBJECT ADDED ENTRY--TOPICAL TERM
Topical term or geographic name as entry element Labor unions
Geographic subdivision Great Britain.
906 ## - LOCAL DATA ELEMENT F, LDF (RLIN)
a 7
b cbc
c oclcrpl
d u
e ncip
f 19
g y-gencatlg
942 ## - ADDED ENTRY ELEMENTS (KOHA)
Source of classification or shelving scheme Dewey Decimal Classification
Koha item type Books
Holdings
Withdrawn status Lost status Source of classification or shelving scheme Damaged status Not for loan Home library Current library Date acquired Total Checkouts Full call number Barcode Date last seen Price effective from Koha item type
    Dewey Decimal Classification     County Hall Archives County Hall Archives 06/26/2023   331.8 BOT 10002089 06/26/2023 06/26/2023 Books
LIBRARY OPENING HOURS

When the Parliament is sitting: 8.00a.m - 7.00p.m or until the house adjourns
Mondays and Fridays and when the House is on Recess:  8.00a.m - 5.00p.m
Closed on Weekends and Public Holidays

Online Public Access Catalog (OPAC)
Website: http://www.parliament.go.ke
Bunge Library: https://libraryir.parliament.go.ke
Contact: library@parliament.go.ke | Tel no: (254-2)2221291 or 2848000 Ext 5043